Movie by 3 Characters Quiz Stats

Quiz Updated Mar 17, 2016

Challenge
Share
Tweet
Score 0/20 Timer 10:00
3 Plays Today
% Correct
Lord of the Rings
94.5%
Ghostbusters
93.3%
Clueless
81.9%
The Silence of the Lambs
80.6%
Bridesmaids
76.2%
The Dark Knight Rises
76%
Tropic Thunder
74.8%
Harry Potter and the Deathly Hallows
74.3%
Goodfellas
72.1%
Horrible Bosses
71.6%
% Correct
The Truman Show
70.8%
Scream
68.7%
Gangs of New York
61.2%
Casino Royale
59.4%
Groundhog Day
56.8%
The Usual Suspects
56.3%
Red
48.6%
Bad Teacher
44.9%
The A-Team
37.4%
Man on Fire
14.1%

You're not logged in!

Compare scores with friends on all Sporcle quizzes.
Join for Free
OR
Log In

You Might Also Like...

Show Comments

Extras

Top Quizzes Today


Score Distribution

Your Account Isn't Verified!

In order to create a playlist on Sporcle, you need to verify the email address you used during registration. Go to your Sporcle Settings to finish the process.

Report this User

Report this user for behavior that violates our Community Guidelines.

Details: